| 000 | 00415cam a2200181ua 4500 | ||
|---|---|---|---|
| 020 | _c2.50 | ||
| 041 |
_ahin _h |
||
| 082 |
_a891.43 _bKAN/AT |
||
| 100 | _aKantha, Sinha . | ||
| 245 |
_aAthrptha / _cKantha Sinha. _hTextual Documents |
||
| 250 |
_a1 / _b. |
||
| 260 |
_aDelhi : _bRajpal and Sanch , _c1962. |
||
| 300 | _a136 ; . | ||
| 365 | _a2.50 | ||
| 504 | _a | ||
| 942 | _cBK | ||
| 999 |
_c12739 _d12739 |
||